All cannon elements excluding chaos elements- Ninjago - Statistics

General Stats
  • This quiz has been taken 32 times
  • The average score is 19 of 33
Answer Stats
Answer % Correct
Fire
100%
Water
100%
Ice
94%
Light
94%
Lightning
94%
Earth
89%
Metal
83%
Speed
78%
Shadow
72%
Amber
67%
Energy
67%
Poison
67%
Wind
67%
Gravity
61%
Nature
61%
Smoke
61%
Sound
61%
Balance
56%
Mind
50%
Quake
50%
Shockwave
50%
Technology
50%
Form
44%
Plants
44%
Size
39%
Surface tension
39%
Time
39%
Figment
33%
Heat
33%
Propulsion
28%
Fusion
22%
Reflex
22%
Brown
17%
No matching quizzes found
Score Distribution
Percent of People with Each Score
Percentile by Number Answered
Your Score History
You have not taken this quiz